000 00311nam a22001337a 4500
008 170817b xxu||||| |||| 00| 0 eng d
020 _a0871503654
041 _aeng
080 _a311
100 _a36
101 _aSTA
245 _aINTRODUCTION TO PROBABILITY AND STATISTICS
_cMENDENHALL,W
942 _2udc
_cBK
999 _c23895
_d23895